God's love in upanishad philosophies / (Record no. 124288)

MARC details
000 -LEADER
fixed length control field 00727nam a22002297a 4500
005 - DATE AND TIME OF LATEST TRANSACTION
control field 20170124105937.0
010 ## - LIBRARY OF CONGRESS CONTROL NUMBER
LC control number A-779443
020 ## - INTERNATIONAL STANDARD BOOK NUMBER
Terms of availability 330.00
035 ## - SYSTEM CONTROL NUMBER
System control number A-779443
037 ## - SOURCE OF ACQUISITION
Source of stock number/acquisition Cen Lib/Ret
040 ## - CATALOGING SOURCE
Original cataloging agency DPL
Language of cataloging EN
082 ## - DEWEY DECIMAL CLASSIFICATION NUMBER
Classification number 220.24
Item number SEN
100 ## - MAIN ENTRY--PERSONAL NAME
Personal name Sen, Pritam
9 (RLIN) 10187
245 ## - TITLE STATEMENT
Title God's love in upanishad philosophies /
Statement of responsibility, etc by Pritam Sen
260 ## - PUBLICATION, DISTRIBUTION, ETC. (IMPRINT)
Place of publication, distribution, etc Bombay
Name of publisher, distributor, etc Bhartiya Vidya Bhavan
Date of publication, distribution, etc 1995
270 ## - ADDRESS
Address Kulpati Munshi Marg
City Bombay
Postal code 400007
300 ## - PHYSICAL DESCRIPTION
Extent xxvii,443p.
Dimensions 21cm(Hb)
500 ## - GENERAL NOTE
General note Includes bibliographical references
650 ## - SUBJECT ADDED ENTRY--TOPICAL TERM
Topical term or geographic name as entry element Upanishads -- Criticism, interpretation, etc
9 (RLIN) 73443
650 ## - SUBJECT ADDED ENTRY--TOPICAL TERM
Topical term or geographic name as entry element Love -- Religious aspects -- Hinduism
9 (RLIN) 10188
942 ## - ADDED ENTRY ELEMENTS (KOHA)
Source of classification or shelving scheme Dewey Decimal Classification
Koha item type English Books
Classification part 220.24
Call number suffix SEN
Holdings
Withdrawn status Lost status Damaged status Not for loan Home library Current library Date acquired Source of acquisition Cost, normal purchase price Total Checkouts Full call number Barcode Date last seen Copy number Cost, replacement price Price effective from Koha item type
        Central Library Central Library 15/06/2015 Cen Lib/Ret 330.00   220.24 SEN A-779443 15/06/2015 1 330.00 15/06/2015 English Books

© Delhi Public Library
Hit Counter
free hit counter